English Land Law (Record no. 5544)
[ view plain ]
| 000 -LEADER | |
|---|---|
| fixed length control field | 00511nam a22002057a 4500 |
| 003 - CONTROL NUMBER IDENTIFIER | |
| control field | OSt |
| 005 - DATE AND TIME OF LATEST TRANSACTION | |
| control field | 20250425112732.0 |
| 008 - FIXED-LENGTH DATA ELEMENTS--GENERAL INFORMATION | |
| fixed length control field | 250425b |||||||| |||| 00| 0 eng d |
| 040 ## - CATALOGING SOURCE | |
| Transcribing agency | London |
| 050 ## - LIBRARY OF CONGRESS CALL NUMBER | |
| Classification number | KD828 |
| Item number | .H37 1975 |
| 100 ## - MAIN ENTRY--PERSONAL NAME | |
| Personal name | Harwood, Michael |
| 245 ## - TITLE STATEMENT | |
| Title | English Land Law |
| 260 ## - PUBLICATION, DISTRIBUTION, ETC. | |
| Place of publication, distribution, etc. | London : |
| Name of publisher, distributor, etc. | Sweet & Maxwell |
| Date of publication, distribution, etc. | c 1975 |
| 300 ## - PHYSICAL DESCRIPTION | |
| Extent | xxvii, 510pp |
| Dimensions | 24cm |
| 490 ## - SERIES STATEMENT | |
| Materials specified | Land Law |
| 500 ## - GENERAL NOTE | |
| General note | Includes Table of Statutes, Index |
| 600 ## - SUBJECT ADDED ENTRY--PERSONAL NAME | |
| Source of heading or term | Land Law |
| 856 ## - ELECTRONIC LOCATION AND ACCESS | |
| Materials specified | Land Law |
| 942 ## - ADDED ENTRY ELEMENTS (KOHA) | |
| Source of classification or shelving scheme | Library of Congress Classification |
| Koha item type | Books |
| Suppress in OPAC | No |
No items available.